00298pab a2200121 454500008004000000100001600040245004600056260000900102300001000111362001000121650002500131773002000156180718b1998 xxu||||| |||| 00| 0 eng d aJohar, K.L. aManagement education in changing scenario c1998 ap.1-2 a2 Feb aManagement education aUniversity News